10 Years : (Record no. 182334)
[ view plain ]
| 000 -LEADER | |
|---|---|
| fixed length control field | 01481 a2200169 4500 |
| 003 - CONTROL NUMBER IDENTIFIER | |
| control field | Nust |
| 005 - DATE AND TIME OF LATEST TRANSACTION | |
| control field | 20221018143230.0 |
| 040 ## - CATALOGING SOURCE | |
| Transcribing agency | Nust |
| 082 ## - DEWEY DECIMAL CLASSIFICATION NUMBER | |
| Classification number | 620,JAC |
| 100 ## - MAIN ENTRY--PERSONAL NAME | |
| Personal name | Jacobs,Dillard |
| 9 (RLIN) | 100638 |
| 245 ## - TITLE STATEMENT | |
| Title | 10 Years : |
| Remainder of title | a story of the first century of vanderbilt university school of engineering 1875-1975 / |
| Statement of responsibility, etc. | Dillare Jacobs |
| 260 ## - PUBLICATION, DISTRIBUTION, ETC. | |
| Place of publication, distribution, etc. | Nashville |
| Name of publisher, distributor, etc. | vanderbilt Alumni |
| Date of publication, distribution, etc. | 1975 |
| 300 ## - PHYSICAL DESCRIPTION | |
| Extent | 191:p |
| 505 ## - FORMATTED CONTENTS NOTE | |
| Formatted contents note | In the Beginning (Page-3), Dark Clouds (Page-27), Dean Schuerman (Page-31), The University Hall Fire (Page-41), Tragedy on The Mississippi (Page-45), Fireball (Page-49), A Camp on the Mountain (Page-55), The Pranks of Youth (Page-58), The Skipper (Page-61), Doc Miser and Applied Math (Page-65), More about The Lewis Years (Page-67), The New Building (Page-75), The Interregnum (Page-77), A Search for Dollars and a Dean (Page-91), The Physical Campus (Page-105),The Shops (Page-110), The Open Houses (Page-113), The Women Engineers (Page-115), Engineers in Athletics (Page-124), Graduate Work (Page-133), Biomedical Engineering (Page-138), Chemical Engineering (Page-141), Civil Engineering (Page-145), Electrical Engineering (Page-148), Engineering Management (Page-155), Engineering Science (Page-157), Environmental and Water Resource Engineering (Page-159), Materials Science and Engineering (Page-159), Mechanical Engineering (Page-165), Systems and Information Science (Page-172), Socio-Engineering (Page-174). |
| 650 ## - SUBJECT ADDED ENTRY--TOPICAL TERM | |
| Topical term or geographic name entry element | Story |
| 9 (RLIN) | 100639 |
| 942 ## - ADDED ENTRY ELEMENTS (KOHA) | |
| Source of classification or shelving scheme | |
| Koha item type | Book |
| Withdrawn status | Lost status | Source of classification or shelving scheme | Damaged status | Not for loan | Permanent Location | Current Location | Shelving location | Date acquired | Full call number | Barcode | Date last seen | Price effective from | Koha item type | Public note |
|---|---|---|---|---|---|---|---|---|---|---|---|---|---|---|
| Military College of Signals (MCS) | Military College of Signals (MCS) | General Stacks | 12/12/2016 | 620,JAC | MCS20871 | 12/08/2016 | 12/12/2016 | Book | Almirah No.26, Shelf No.5 |
